| 000 | 00745nam a2200217 a 4500 | ||
|---|---|---|---|
| 003 | SISC | ||
| 005 | 20160822102025.0 | ||
| 008 | 130326s19uu xx 00 eng d | ||
| 020 | _a9780415618854 | ||
| 050 |
_aGV 361 _b.R48 2012 |
||
| 245 |
_aReseach methods in physical education and youth sport / _cedited by Kathleen Armour and Doune Macdonald. |
||
| 260 |
_aLondon ; New York : _bRoutledge, _c2012. |
||
| 300 |
_aix, 366 pages : _bill. ; _c24 cm. |
||
| 500 | _aIncludes index. | ||
| 650 |
_aPhysical education and training _xResearch _xMethodology. |
||
| 650 |
_aSports for children _xResearch _xMethodology |
||
| 650 |
_aSports sciences _xResearch _xMethodology |
||
| 700 | _aMacdonald, Doune. | ||
| 942 |
_cBK _2lcc _kFOR |
||
| 999 |
_c22220 _d22220 |
||